Psychology and work today: An introduction to industrial and organizational psychology (Record no. 92754)

MARC details
000 -LEADER
fixed length control field 00437nam a2200157Ia 4500
008 - FIXED-LENGTH DATA ELEMENTS--GENERAL INFORMATION
fixed length control field 230917s9999||||xx |||||||||||||| ||und||
040 ## - CATALOGING SOURCE
-- 29762
Original cataloging agency VIVEKANANDA LIBRARY
041 ## - Language
-- English
082 ## - DDC NUMBER
Classification number 158.7 S39P
100 ## - MAIN ENTRY--PERSONAL NAME
Personal name Schultz, Duane P
245 #0 - TITLE STATEMENT
Title Psychology and work today: An introduction to industrial and organizational psychology
250 ## - EDITION STATEMENT
Edition statement 7th ed.
260 ## - PUBLICATION, DISTRIBUTION, ETC. (IMPRINT)
Place of publication, distribution, etc New Jersey
Name of publisher, distributor, etc Prentice-Hall
Date of publication, distribution, etc 1998
300 ## - PHYSICAL DESCRIPTION
Pages 566 p.
942 ## - ADDED ENTRY ELEMENTS (KOHA)
Koha item type Books
Holdings
Withdrawn status Lost status Damaged status Not for loan Location (home branch) Sublocation or collection (holding branch) Date acquired Koha issues (times borrowed) Koha full call number Accession No. Koha date last seen Koha item type
        VIVEKANANDA LIBRARY VIVEKANANDA LIBRARY 08/08/2002   158.7 S39P 173886 17/09/2023 Books
© Designed and Maintained by Vivekananda Library, MDU Rohtak